Highest Grossing Movie Series - Statistics

General Stats
  • This quiz has been taken 64 times
  • The average score is 11 of 20
Answer Stats
Rank Film Series % Correct
4 Wizarding World
85%
12 Middle-earth
83%
3 Star Wars
83%
2 Spider-Man
72%
15 Avatar
70%
6 Avengers
66%
10 Batman
66%
8 Fast & Furious
66%
1 Marvel Cinematic Universe
60%
9 DC Extended Universe
57%
5 James Bond
57%
11 Jurassic Park
47%
14 Transformers
47%
16 Mission: Impossible
43%
17 Pirates of the Caribbean
43%
7 X-Men
40%
13 Despicable Me
30%
18 Shrek
30%
20 The Lion King
17%
19 The Twilight Saga
6%
No matching quizzes found
Score Distribution
Percent of People with Each Score
Percentile by Number Answered
Your Score History
You have not taken this quiz